Česko-německý slovník výpočetní techniky /

Gespeichert in:
Bibliographische Detailangaben
1. Verfasser: Minihofer, Oldřich (Verfasst von)
Format: Buch
Sprache:Deutsch
Veröffentlicht: Praha : SNTL, 1990
Tags: Tag hinzufügen
Keine Tags, Fügen Sie das erste Tag hinzu!

MARC

LEADER 00000nam a22000003a 4500
001 stu31080
005 20150617225736.5
008 930322s1990----xr------------------ger-d
040 |a STU  |b slo 
041 0 |a ger 
044 |a xr 
080 |a 801.316.4  |7 4969 
080 |a 681.3=850=30 
100 1 |a Minihofer, Oldřich  |4 aut 
245 1 |a Česko-německý slovník výpočetní techniky /  |c [aut.] Minihofer,Oldřich 
260 |a Praha :  |b SNTL,  |c 1990 
300 |a 483 s 
996 |b J85497  |c J*85497  |l JJK6  |s P  |a 0  |w stu31080_0001 
996 |b J85498  |c J*85498  |l JJK6  |s P  |a 0  |w stu31080_0002 
996 |b J89582  |c J*89582  |l JJK14  |s P  |a 0  |w stu31080_0003